00425nam a2200169Ia 4500003000400000005001700004008004100021040000700062041001200069082001700081100001500098245003900113260003900152300001400191365001300205650003700218OSt20251015193420.0210423s2017 xx 000 0 und d cAL aEnglish a361.4 bKIRS aKiran Urwa aSelf help groupb: different faces aMangalurubMahima Publishersc2017 aii,98bPB b100cINR aSocial Problems & Social Welfare